000 00594nam a2200265Ia 4500
005 20260306164557.0
008 008 260114s9999 xx 000 0 eng d
020 _a9780300210767
037 _aEBOOK
040 _aCRL
040 _beng
040 _cCRL
041 _2eng
041 _aeng
084 _qCRL
100 _aFolsom
_91131093
245 0 _aYaquis And The Empire
260 _bYale University Press
260 _c2015
650 _aHistory
856 _uhttps://academic.oup.com/book/21761
942 _cEBOOK
999 _c1714589
_d1714589